| 000 | 00351nam a22001577a 4500 | ||
|---|---|---|---|
| 003 | OSt | ||
| 020 | _a9788190691925 | ||
| 040 | _c0 | ||
| 082 |
_222 _a629.820 |
||
| 100 | _aSueed s. Hasan. | ||
| 245 | _aAutomatic control systems / | ||
| 250 | _a6th | ||
| 260 |
_bS.K Kataria and Sons, _cc 2011. |
||
| 300 |
_a650 p, ; _bNA _c24 cm |
||
| 942 |
_2ddc _cMEC |
||
| 999 |
_c4770 _d4770 |
||